ბათუმის შოთა რუსთაველის სახელმწიფო უნივერსიტეტის ბიბლიოთეკა

საქართველოს მღვიმეები - პირველყოფილ ადამიანის საცხოვრებელი (ბიბ.ჩანაწერი № 61589)

000 -ლიდერი
ფიქსირებული სიგრძის საკონტროლო ველი 00849nam a22001817a 4500
003 - საკონტროლო ნომრის იდენტიფიკატორი
საკონტროლო ველი Ge_BSU
005 - ბოლო ოპერაციის თარიღი და დრო
საკონტროლო ველი 20240326145202.0
008 - ფიქსირებული სიგრძის მონაცემთა ელემენტები - ზოგადი ინფორმაცია
ფიქსირებული სიგრძის საკონტროლო ველი 240326s2002 ge ||||| |||| 00| 0 geo d
041 ## - ენის კოდი
Language code of text/sound track or separate title geo
080 ## - უნივერსალური ათობითი კლასიფიკაციის ინდექსი
Universal Decimal Classification number 551.442(479.22) თ-91
100 ## - მთავარი ჩანაწერი - პიროვნების სახელი
Personal name თუშაბრამიშვილი, ნიკა, ავტორი.
9 (RLIN) 21596
245 ## - ცნობა სათაურის შესახებ
Title საქართველოს მღვიმეები - პირველყოფილ ადამიანის საცხოვრებელი
Remainder of title გზამკვლევი /
Statement of responsibility, etc ნიკა თუშაბრამიშვილი.
264 ## - წარმოების, გამოცემის, დისტრიბუციის და სხვა ცნობები
გამოცემის, წარმოების, დისტრიბუციის... ადგილი თბილისი,
გამოცემის, წარმოების, დისტრიბუციის... თარიღი 2002.
300 ## - ფიზიკური აღწერა
Extent 56 გვ.:
Other physical details ილ;
Dimensions 20 სმ.
653 ## - INDEX TERM--UNCONTROLLED
Uncontrolled term საქართველოს მღვიმეები.
653 ## - INDEX TERM--UNCONTROLLED
Uncontrolled term არქეოლოგია.
942 ## - ADDED ENTRY ELEMENTS (KOHA)
Source of classification or shelving scheme
Koha item type წიგნი
ეგზემპლარები
ჩამოწერის სტატუსი დაკარგული ეგზემპლარის სტატუსი კლასიფიკაციის წყარო ან თაროზე გაწყობის სქემა დაზიანების სტატუსი არ გაიცემა მუდმივი მდებარეობა (დაცვის ადგილი) ამჟამინდელი ადგილსამყოფელი თაროზე განთავსების ადგილი შეძენის თარიღი ღირებულება, შესყიდვის ნორმალური ფასი სრული შენახვის შიფრი შტრიხკოდი ბოლო ოპერაციის თარიღი ეგზემპლარის მიმდევრობითი ნომერი (კეტერი?) Uniform Resource Identifier ფასის ძალაში შესვლის თარიღი ეგზემპლარის სახეობა საჯარო შენიშვნა
          ბათუმის შოთა რუსთაველის სახელმწიფო უნივერსიტეტის მთავარი ბიბლიოთეკა ბათუმის შოთა რუსთაველის სახელმწიფო უნივერსიტეტის მთავარი ბიბლიოთეკა წიგნსაცავი 2024-03-26 5.00 551.442(479.22) თ-91 65834 2024-03-26 65834 ბსუ-ს საპატიო დოქტორის გურამ ლორთქიფანიძის საჩუქარი 2024-03-26 წიგნი 5.00